Statistiques concernant Capitales des Régions d'Italie

Cliquez ici pour prendre le quiz!

Statistiques générales

  • Ce quiz a été pris 91 fois
  • Le résultat moyen est 13 sur 20

Statistiques - réponses

RégionCapitale% Correct
Latium (Lazio)Rome (Roma)
94%
Lombardie (Lombardia)Milan (Milano)
90%
Vallée d'Aoste (Valle d'Aosta)Aoste (Aosta)
89%
Toscane (Toscana)Florence (Firenze)
83%
Campanie (Campania)Naples (Napoli)
83%
Piémont (Piemonte)Turin (Torino)
83%
Sicile (Sicilia)Palerme (Palermo)
81%
Vénétie (Veneto)Venise (Venezia)
81%
Émilie-Romagne (Emilia-Romagna)Bologne (Bologna)
75%
Sardaigne (Sardegna)Cagliari
73%
Pouilles (Puglia)Bari
71%
Ligurie (Liguria)Gênes (Genova)
71%
Frioul-Vénétie julienne (Friuli-Venezia Giulia)Trieste
67%
Trentin-Haut-Adige (Trentino-Alto Adige)Trente (Trento)
48%
Abruzzes (Abruzzo)L'Aquila
43%
Ombrie (Umbria)Pérouse (Perugia)
41%
Marches (Marche)Ancône (Ancona)
40%
Calabre (Calabria)Catanzaro
35%
Basilicate (Basilicata)Potenza
32%
MoliseCampobasso
29%

Distribution des résultats

Percentile par nombre de réponses

% des personnes avec chaque résultat

Votre développement - résultats

Vous n’avez pas pris ce quiz